<?xml version="1.0" encoding="UTF-8"?>
<record
    xmlns:xsi="http://www.w3.org/2001/XMLSchema-instance"
    xsi:schemaLocation="http://www.loc.gov/MARC21/slim http://www.loc.gov/standards/marcxml/schema/MARC21slim.xsd"
    xmlns="http://www.loc.gov/MARC21/slim">

  <leader>00599    a2200169   4500</leader>
  <controlfield tag="001">142960</controlfield>
  <datafield tag="040" ind1=" " ind2=" ">
    <subfield code="c">Leonardo Da Vinci</subfield>
  </datafield>
  <datafield tag="041" ind1=" " ind2=" ">
    <subfield code="a">Portugu&#xEA;s</subfield>
  </datafield>
  <datafield tag="082" ind1=" " ind2=" ">
    <subfield code="a">005.8 S621s</subfield>
    <subfield code="b">S621s</subfield>
  </datafield>
  <datafield tag="111" ind1=" " ind2=" ">
    <subfield code="a">Simp&#xF3;sio Brasileiro em Seguran&#xE7;a da Informa&#xE7;&#xE3;o e de Sistemas
Computacionais</subfield>
  </datafield>
  <datafield tag="245" ind1=" " ind2=" ">
    <subfield code="a">Minicursos do SBSeg 2007</subfield>
  </datafield>
  <datafield tag="260" ind1=" " ind2=" ">
    <subfield code="b">UFRJ; NCE</subfield>
    <subfield code="c">2005</subfield>
    <subfield code="a">Rio de Janeiro</subfield>
  </datafield>
  <datafield tag="362" ind1=" " ind2=" ">
    <subfield code="a">20050000</subfield>
  </datafield>
  <datafield tag="697" ind1=" " ind2=" ">
    <subfield code="a">Sistemas de informa&#xE7;&#xE3;o</subfield>
    <subfield code="a">Congresso</subfield>
    <subfield code="a">Ci&#xEA;ncias da computa&#xE7;&#xE3;o</subfield>
    <subfield code="a">Medidas de seguran&#xE7;a</subfield>
    <subfield code="a">Minicursos</subfield>
    <subfield code="a">Inform&#xE1;tica</subfield>
    <subfield code="a">FIPEN/IPPG</subfield>
  </datafield>
  <datafield tag="711" ind1=" " ind2=" ">
    <subfield code="d">(7. : 27-31 ago. 2007 Rio de Janeiro, RJ)</subfield>
  </datafield>
  <datafield tag="942" ind1=" " ind2=" ">
    <subfield code="c">BK</subfield>
  </datafield>
  <datafield tag="952" ind1=" " ind2=" ">
    <subfield code="0">0</subfield>
    <subfield code="1">0</subfield>
    <subfield code="4">0</subfield>
    <subfield code="7">0</subfield>
    <subfield code="a">71.1</subfield>
    <subfield code="b">71.1</subfield>
    <subfield code="d">2024-03-27</subfield>
    <subfield code="l">0</subfield>
    <subfield code="o">005.8 S621s</subfield>
    <subfield code="p">O010337</subfield>
    <subfield code="r">2024-03-27 22:47:38</subfield>
    <subfield code="w">2024-03-27</subfield>
    <subfield code="y">BK</subfield>
  </datafield>
  <datafield tag="999" ind1=" " ind2=" ">
    <subfield code="c">142960</subfield>
    <subfield code="d">142960</subfield>
  </datafield>
</record>
